000 00990nam a2200253 4500
005 20240530110943.0
008 160618s ua o|||g bd|| 00| 0dara d
040 _aEG-CaGPL
082 0 4 _a550 /
_bف ج
_221
100 0 _aفيرنسيدز ، و . ج
245 1 0 _aالجيولوجيا فى خدمة الانسان /
_cتأليف فيرنسيدز ، و . ج ، بولمان ، ا . م ؛ مترجم محمود ابراهيم عطية ؛ مراجع نصرى مترى شكرى
250 _aط .1.
260 _aالقاهرة :
_bدار القلم ،
_cد . ت
300 _a293 ص ؛
_c20 سم.
490 _aالالف كتاب
_v ( 217 )
650 0 4 _aالجيولوجيا
650 0 4 _aالارض
650 0 4 _aالانسان
700 _aبولمان ، ا . م
_eمؤلف مشارك
700 _aمحمود ابراهيم عطية
_eمترجم
700 _aنصرى مترى شكرى
_eمراجع
942 _2ddc
_cBK
999 _c66862
_d66862